Steven Universe - Empire City - Lyrics Quiz - Statistics

General Stats
  • This quiz has been taken 7 times
  • The average score is 89 of 108
Answer Stats
Charactert Lyrics % Correct
a
100%
and
100%
Steven Universe And
100%
are
100%
be
100%
City!
100%
could
100%
don't
100%
Empire
100%
go
100%
Greg Universe I
100%
it
100%
know
100%
Let's
100%
let's
100%
lights
100%
money)
100%
need
100%
Pearl.
100%
place
100%
Steven Universe (So
100%
that
100%
that's
100%
The
100%
the
100%
to
100%
to)
100%
Steven Universe (We
100%
always
80%
blinding
80%
bring
80%
Steven Universe (But
80%
exciting
80%
funny)
80%
I'm
80%
Steven Universe (Just
80%
point
80%
talking
80%
today)
80%
way
80%
me
60%
shows
60%
sights
60%
streets
40%
Brooklyn
20%
buildings
20%
from
20%
run
20%
sounds
20%
Subways
20%
towering
20%
Bowery
0%
No matching quizzes found
Score Distribution
Percent of People with Each Score
Percentile by Number Answered
Your Score History
You have not taken this quiz